看图猜县城-1 - Statistics

General Stats
  • This quiz has been taken 14 times
  • The average score is 8 of 16
Answer Stats
Picture Answer % Correct
特克斯县
85%
秭归县
77%
都江堰市
77%
嵊泗县
77%
淳安县
69%
淮阳区
54%
平遥县
46%
同江市
46%
水富市
38%
旬阳市
38%
凤阳县
31%
荣成市
31%
容城县
31%
湘阴县
23%
砀山县
23%
睢县
15%
No matching quizzes found
Score Distribution
Percent of People with Each Score
Percentile by Number Answered
Your Score History
You have not taken this quiz